000 00595nam a2200205 u 4500
005 20240912063841.0
008 120627s2011 r 000 0 eng d
020 _a9789870417200
035 _aUPN01000185505
049 _aI
050 4 _aPZ73
_bD4.7
100 1 _aDevetach, MarĂ­a Laura,
_d1936-
_930872
245 1 3 _aLa torre de cubos /
_cLaura Devetach ; il. de Natalia Colombo.
260 _aBuenos Aires :
_bAlfaguara,
_c2011.
300 _a115 p. :
_bil.
440 0 _aAlfaguara infantil
650 4 _aCuentos infantiles argentinos
_97466
905 _aInfantil
999 _c157608
_d157608